[Event "Festival INPS"]
[Site "Roma ITA"]
[Date "1996.??.??"]
[Round "6"]
[White "Ciampi, Vincenzo"]
[Black "Chiaretti, Roberto"]
[Result "1/2-1/2"]
[WhiteElo "2155"]
[BlackElo "2109"]
[PlyCount "81"]
[EventDate "1996.??.??"]

1. e4 e6 2. d4 d5 3. e5 c5 4. c3 Nc6 5. Be3 Qb6 6. Qd2 Bd7 7. Nf3 Rc8 8. dxc5
Bxc5 9. Bxc5 Qxc5 10. Bd3 Nge7 11. O-O Ng6 12. Re1 O-O 13. Na3 a6 14. Nc2 Qe7
15. Rad1 Rfd8 16. g3 Be8 17. Qe3 Na5 18. h4 h6 19. Ncd4 b5 20. Nd2 Nf8 21. f4
Bd7 22. Re2 Rc7 23. Rf1 Bc8 24. Qf2 b4 25. cxb4 Qxb4 26. N2f3 Nc6 27. Rc2 Nxd4
28. Qxd4 Qxd4+ 29. Nxd4 Rxc2 30. Bxc2 Bd7 31. Bd3 Rb8 32. Rf2 Rb4 33. Nb3 Bb5
34. Bxb5 axb5 35. Rd2 Rc4 36. Kf2 Nd7 37. Rd4 Rc2+ 38. Rd2 Rc4 39. Rd4 Rc2+ 40.
Rd2 Rc4 41. Rd4 1/2-1/2

[Event "Festival INPS"]
[Site "Roma ITA"]
[Date "1996.??.??"]
[Round "6"]
[White "Colombo, Paolo"]
[Black "Nurkic, Sahbaz"]
[Result "1-0"]
[WhiteElo "2170"]
[BlackElo "2365"]
[PlyCount "83"]
[EventDate "1996.??.??"]

1. Nf3 g6 2. c4 Bg7 3. Nc3 e5 4. g3 Nc6 5. Bg2 Nf6 6. d3 O-O 7. O-O Re8 8. Ne1
d6 9. Bg5 h6 10. Bd2 Be6 11. Nd5 Bxd5 12. cxd5 Ne7 13. Qb3 c6 14. dxc6 bxc6 15.
Nc2 Qd7 16. Ne3 Rab8 17. Qc2 d5 18. Rac1 Nh7 19. b4 Nf8 20. Nd1 Ne6 21. e3 c5
22. bxc5 Rec8 23. Rb1 Rxb1 24. Qxb1 Nxc5 25. Nc3 Kh7 26. Rd1 f5 27. Be1 d4 28.
exd4 Qxd4 29. Ne2 Qd7 30. Bc3 Ne6 31. Qb2 Nc6 32. Qb5 e4 33. Bxg7 Kxg7 34. Nc3
Ned4 35. dxe4 fxe4 36. Bxe4 Qe7 37. Qc4 Qe6 38. Rxd4 Nxd4 39. Qxd4+ Kh7 40.
Qxa7+ Kh8 41. Qd4+ Kh7 42. Nd5 1-0

[Event "Festival INPS"]
[Site "Roma ITA"]
[Date "1996.??.??"]
[Round "6"]
[White "Contin, Daniel"]
[Black "Picardi, Angelo"]
[Result "1-0"]
[WhiteElo "2325"]
[BlackElo "2120"]
[PlyCount "93"]
[EventDate "1996.??.??"]

1. c4 Nf6 2. Nc3 c5 3. g3 d5 4. cxd5 Nxd5 5. Bg2 Nc7 6. d3 e5 7. Qb3 Nc6 8.
Bxc6+ bxc6 9. Nf3 f6 10. Qa4 Be7 11. Qxc6+ Bd7 12. Qe4 Ne6 13. Nd5 O-O 14. O-O
Rc8 15. Qc4 Kh8 16. Nxe7 Qxe7 17. Bd2 Bc6 18. e4 Rfd8 19. Bc3 Qd7 20. a4 Qxd3
21. Nxe5 fxe5 22. Qxe6 Re8 23. Qg4 Qxe4 24. Qxe4 Bxe4 25. Rfe1 Bf3 26. Bxe5 Kg8
27. Ra3 Bc6 28. Rc3 Rcd8 29. Rxc5 Bxa4 30. f4 Re7 31. Kf2 Rd2+ 32. Re2 Rxe2+
33. Kxe2 a6 34. Kd3 Bb5+ 35. Ke4 Kf7 36. f5 Rd7 37. g4 Rd2 38. Bc3 Rd7 39. Rc8
Re7+ 40. Kf4 Rd7 41. Rh8 h6 42. h4 Bd3 43. Ke3 Bb1 44. Bb4 g6 45. Rf8+ Kg7 46.
f6+ Kh7 47. Bc3 1-0

[Event "Festival INPS"]
[Site "Roma ITA"]
[Date "1996.??.??"]
[Round "6"]
[White "Della Ragione, Achille"]
[Black "Marta, Daniele"]
[Result "1/2-1/2"]
[WhiteElo "1863"]
[BlackElo "1732"]
[PlyCount "136"]
[EventDate "1996.??.??"]

1. c4 Nf6 2. Nc3 g6 3. g3 Bg7 4. Bg2 O-O 5. e4 d6 6. Nge2 e5 7. O-O c6 8. d3
Nbd7 9. h3 Ne8 10. f4 f5 11. exf5 gxf5 12. Be3 Kh8 13. Qd2 Ndf6 14. b4 Bd7 15.
a4 Nh5 16. b5 Nef6 17. Rab1 Qc7 18. Rb3 exf4 19. Bxf4 Nxf4 20. Nxf4 Bh6 21. Qb2
Qb6+ 22. Kh2 Qe3 23. Nce2 Bg7 24. d4 Qe8 25. Qa3 Qe7 26. Re3 Ne4 27. Qd3 Rae8
28. Nh5 Bh6 29. Nef4 Qf7 30. Rfe1 Nf6 31. Rxe8 Rxe8 32. Rxe8+ Nxe8 33. d5 cxb5
34. axb5 b6 35. Qa3 Bc8 36. Bf3 Qe7 37. Qc3+ Qe5 38. Ne2 Be3 39. Nhf4 Bc5 40.
Kg2 Qxc3 41. Nxc3 Kg7 42. Be2 Kf6 43. Nd3 Bd4 44. Nb1 a6 45. bxa6 Bxa6 46. Nb4
Bb7 47. Nd3 Nc7 48. Na3 b5 49. Nxb5 Nxb5 50. cxb5 Bxd5+ 51. Kf1 Ke7 52. Nb4 Bb7
53. Bd3 Kf6 54. Nc6 Bb6 55. Ke2 h6 56. Kf3 Bxc6+ 57. bxc6 Ke5 58. Ba6 Bc7 59.
Bd3 Bb6 60. Ke2 Kd5 61. Bxf5 Kxc6 62. h4 Kd5 63. Kf3 Ke5 64. Bc2 Bg1 65. g4 Bb6
66. g5 hxg5 67. hxg5 Bd8 68. g6 Bf6 1/2-1/2

[Event "Festival INPS"]
[Site "Roma ITA"]
[Date "1996.??.??"]
[Round "6"]
[White "Galeno, Giorgio"]
[Black "Cattarinich, Benedetto"]
[Result "1-0"]
[WhiteElo "1680"]
[BlackElo "1759"]
[PlyCount "55"]
[EventDate "1996.??.??"]

1. d4 d5 2. c4 dxc4 3. Nc3 c6 4. a4 Nf6 5. e3 Bf5 6. Bxc4 e6 7. Nf3 Bb4 8. O-O
O-O 9. Ne5 Nbd7 10. f4 Nb6 11. Bd3 Bxd3 12. Qxd3 Nbd5 13. Rf3 Be7 14. Bd2 Nb4
15. Qe2 Qb6 16. a5 Qa6 17. Qxa6 Nxa6 18. f5 exf5 19. Rxf5 g6 20. Rf3 Nd5 21.
Raf1 f6 22. Nd7 Rfe8 23. e4 Nxc3 24. bxc3 Rad8 25. Nxf6+ Bxf6 26. Rxf6 Rxe4 27.
Bh6 Rde8 28. Rf7 1-0

[Event "Festival INPS"]
[Site "Roma ITA"]
[Date "1996.??.??"]
[Round "6"]
[White "Laudati, Adriano"]
[Black "Ciotoli, Patrizio"]
[Result "1/2-1/2"]
[WhiteElo "1870"]
[BlackElo "2010"]
[PlyCount "123"]
[EventDate "1996.??.??"]

1. e4 d5 2. d4 dxe4 3. Nc3 Nf6 4. f3 exf3 5. Nxf3 Bg4 6. h3 Bh5 7. g4 Bg6 8.
Ne5 Nd5 9. Qf3 e6 10. Bd3 Qf6 11. Nxd5 exd5 12. Qxd5 Bb4+ 13. c3 c6 14. Qg2
Bxd3 15. Nxd3 Bd6 16. Be3 O-O 17. Qf2 Nd7 18. Qxf6 Nxf6 19. O-O Rfe8 20. Rae1
Nd5 21. Bf2 Nf4 22. Nxf4 Bxf4 23. Rxe8+ Rxe8 24. Re1 Rxe1+ 25. Bxe1 f6 26. Kg2
Kf7 27. Kf3 Bc1 28. b3 Ke6 29. Ke4 g6 30. c4 f5+ 31. gxf5+ gxf5+ 32. Kd3 Bg5
33. Bc3 h5 34. a4 b5 35. axb5 cxb5 36. d5+ Kd6 37. Bb4+ Ke5 38. d6 bxc4+ 39.
bxc4 a5 40. Ba3 Bd8 41. Ke3 Bg5+ 42. Kd3 Bh4 43. Ke2 Kd4 44. c5 Kd5 45. Kf3 Bg5
46. Ke2 Kc6 47. Kd3 Bf6 48. Ke3 Bc3 49. Kf4 Bb4 50. Bb2 Bxc5 51. d7 Kxd7 52.
Kxf5 Be7 53. h4 Bxh4 54. Kg6 Be1 55. Kxh5 Kd6 56. Kg4 Kd5 57. Kf3 Kc4 58. Ke2
Bc3 59. Ba3 Kb3 60. Bd6 Kc2 61. Bc7 a4 62. Bd6 1/2-1/2

[Event "Festival INPS"]
[Site "Roma ITA"]
[Date "1996.??.??"]
[Round "6"]
[White "Marino, Giovanni"]
[Black "Proietti, Giorgio"]
[Result "1-0"]
[WhiteElo "1869"]
[BlackElo "1717"]
[PlyCount "61"]
[EventDate "1996.??.??"]

1. d4 d5 2. c4 e6 3. Nc3 c6 4. e4 dxe4 5. Nxe4 Nd7 6. Nf3 Ngf6 7. Nc3 Be7 8.
Bf4 O-O 9. Bd3 a6 10. a4 b6 11. O-O Bb7 12. Qb3 a5 13. Rad1 h6 14. h3 Qc8 15.
Rfe1 Re8 16. Ne5 Nxe5 17. dxe5 Nd7 18. Bb1 Rb8 19. Qc2 Nf8 20. c5 bxc5 21. Rd3
g5 22. Rg3 Kh8 23. Bc1 Ng6 24. h4 Rg8 25. hxg5 hxg5 26. Ne4 Kg7 27. Bxg5 Kf8
28. Bxe7+ Nxe7 29. Nd6 Qc7 30. Qh7 Ng6 31. Rxg6 1-0

[Event "Festival INPS"]
[Site "Roma ITA"]
[Date "1996.??.??"]
[Round "6"]
[White "Marzano, Carlo"]
[Black "Ianniello, Riccardo"]
[Result "0-1"]
[WhiteElo "2160"]
[BlackElo "2330"]
[PlyCount "130"]
[EventDate "1996.??.??"]

1. d4 e6 2. Nf3 d5 3. Bf4 Ne7 4. Nbd2 Ng6 5. Bg3 Nd7 6. e3 Be7 7. Bd3 f5 8. h4
h5 9. Bf4 c5 10. c3 Nxf4 11. exf4 Qb6 12. Rb1 Bf6 13. Qe2 g6 14. O-O O-O 15. g3
cxd4 16. cxd4 Re8 17. Qe3 Bg7 18. Rfe1 Nf6 19. Qe2 Ng4 20. Nb3 Re7 21. Rbc1 Qd6
22. Rc2 Bd7 23. Rec1 Rf8 24. Rc7 Bc6 25. Rxe7 Qxe7 26. Nc5 Re8 27. Bb5 Bxb5 28.
Qxb5 Rc8 29. Nd3 Rxc1+ 30. Nxc1 Kf8 31. Nd3 b6 32. Qc6 Qe8 33. Qd6+ Kg8 34. Qb4
Qc8 35. Qd2 Nf6 36. Nfe5 Ne4 37. Qe3 Kh7 38. Kg2 Bxe5 39. Nxe5 Qc2 40. Nf3 Qxb2
41. Ng5+ Kg8 42. Nxe6 Qxa2 43. Ng5 Qd2 44. Qf3 Qxd4 45. Kg1 Qc3 46. Qd1 Qd2 47.
Qf1 Qd4 48. Nxe4 Qxe4 49. Qb5 Qe6 50. Qa6 Qd7 51. Qd3 Kh7 52. Qd4 b5 53. Kh2 a5
54. f3 b4 55. Qf6 d4 56. g4 d3 57. gxh5 gxh5 58. Qg5 d2 59. Qxh5+ Kg7 60. Qg5+
Kf7 61. Qh5+ Ke6 62. Qg6+ Kd5 63. Qg8+ Kc6 64. Qa8+ Kb5 65. Qb8+ Ka4 0-1

[Event "Festival INPS"]
[Site "Roma ITA"]
[Date "1996.??.??"]
[Round "6"]
[White "Michelena, Rodolfo"]
[Black "Tocco, Paolo"]
[Result "1-0"]
[WhiteElo "1810"]
[BlackElo "2180"]
[PlyCount "65"]
[EventDate "1996.??.??"]

1. e4 e5 2. Nf3 Nc6 3. Bc4 Nf6 4. O-O Bc5 5. c3 Nxe4 6. d4 exd4 7. cxd4 Be7 8.
d5 Na5 9. Bd3 Nd6 10. b4 Bf6 11. Re1+ Kf8 12. Ne5 Nac4 13. f4 Nb6 14. Qb3 Ne8
15. d6 Bxe5 16. fxe5 Qh4 17. Rf1 Qd4+ 18. Kh1 f6 19. Bb2 Qd5 20. Qxd5 Nxd5 21.
Nc3 Nxb4 22. Bc4 cxd6 23. exf6 gxf6 24. Nd5 Nxd5 25. Bxd5 Rb8 26. Rae1 b6 27.
Bxf6 Nxf6 28. Rxf6+ Kg7 29. Rf7+ Kg6 30. Re3 Bb7 31. Rg3+ Kh6 32. Rf6+ Kh5 33.
Bf7+ 1-0

[Event "Festival INPS"]
[Site "Roma ITA"]
[Date "1996.??.??"]
[Round "6"]
[White "Perretta, Maurizio"]
[Black "Farina, Saverio"]
[Result "0-1"]
[WhiteElo "2007"]
[BlackElo "2170"]
[PlyCount "54"]
[EventDate "1996.??.??"]

1. e4 e6 2. d3 d5 3. Nd2 c5 4. Ngf3 Nc6 5. g3 Nf6 6. Bg2 Be7 7. O-O O-O 8. Re1
Qc7 9. e5 Nd7 10. Qe2 b5 11. h4 a5 12. Nf1 Nd4 13. Nxd4 cxd4 14. Bf4 Ra6 15.
Nh2 Rc6 16. Rac1 Qb6 17. Ng4 Ba6 18. h5 Rfc8 19. Nh6+ gxh6 20. Bxh6 Kh8 21. Qf3
Rg8 22. Qxf7 Qd8 23. Re4 Bg5 24. Bxg5 Qxg5 25. Rf4 Nxe5 26. Qa7 Nf3+ 27. Bxf3
Qxf4 0-1

[Event "Festival INPS"]
[Site "Roma ITA"]
[Date "1996.??.??"]
[Round "6"]
[White "Pezzaldi, Roberto"]
[Black "Corvi, Marco"]
[Result "0-1"]
[WhiteElo "2013"]
[BlackElo "2215"]
[PlyCount "102"]
[EventDate "1996.??.??"]

1. c4 f5 2. Nc3 Nf6 3. g3 e6 4. Bg2 Be7 5. d4 d5 6. Nf3 c6 7. O-O O-O 8. b3 Ne4
9. Qc2 Nd7 10. Ne5 Nxe5 11. dxe5 Bd7 12. Nxe4 fxe4 13. Be3 b6 14. f3 exf3 15.
exf3 Be8 16. Bh3 Qd7 17. Rad1 Bg6 18. Qe2 Rac8 19. Rd2 Bb4 20. Rdd1 Qe7 21. Bc1
Bf5 22. Bxf5 Rxf5 23. g4 Rff8 24. Be3 Bc5 25. Rc1 Qg5 26. Bxc5 bxc5 27. Kg2 h5
28. h3 Qf4 29. Qf2 d4 30. Qg3 g5 31. Qxf4 Rxf4 32. Rcd1 h4 33. Kf2 Kf8 34. Ke2
Ke7 35. Rd3 Kd7 36. Kd2 Kc7 37. Kc2 Rcf8 38. Kb2 Re4 39. Kc2 Re2+ 40. Rd2 Rxe5
41. Rd3 Re2+ 42. Rd2 Rxd2+ 43. Kxd2 e5 44. Ke2 Kd6 45. Rf2 Rf4 46. Kf1 e4 47.
fxe4 Ke5 48. a3 a5 49. Rxf4 Kxf4 50. Kf2 Kxe4 51. Ke2 Kf4 0-1

[Event "Festival INPS"]
[Site "Roma ITA"]
[Date "1996.??.??"]
[Round "6"]
[White "Quimi, Marco"]
[Black "Capretti, Giovanni"]
[Result "1-0"]
[WhiteElo "2225"]
[BlackElo "1836"]
[PlyCount "43"]
[EventDate "1996.??.??"]

1. e4 e6 2. d4 d5 3. e5 c5 4. c3 Nc6 5. Nf3 Bd7 6. dxc5 Bxc5 7. Bd3 f5 8. O-O
Nge7 9. Re1 Qb6 10. Qe2 a5 11. Nbd2 Qc7 12. Nb3 Ba7 13. Nbd4 Bxd4 14. cxd4 Nb4
15. Bg5 Nxd3 16. Qxd3 Qc4 17. Qd2 Nc6 18. Rec1 Qb4 19. Rc3 a4 20. Rac1 O-O 21.
h4 Rfc8 22. Rxc6 1-0

[Event "Festival INPS"]
[Site "Roma ITA"]
[Date "1996.??.??"]
[Round "6"]
[White "Quinto, Gianni"]
[Black "Pienabarca, Nicola"]
[Result "1-0"]
[WhiteElo "2220"]
[BlackElo "1995"]
[PlyCount "47"]
[EventDate "1996.??.??"]

1. d4 e6 2. c4 f5 3. Nf3 Nf6 4. g3 Be7 5. Bg2 O-O 6. O-O d6 7. Nc3 Qe8 8. b4 d5
9. Qb3 a5 10. b5 c6 11. bxc6 bxc6 12. Ne5 Ne4 13. Be3 Na6 14. Nxe4 fxe4 15. Qa4
c5 16. Qxa5 Nb4 17. Qxa8 cxd4 18. Bxd4 Nc2 19. e3 Nxa1 20. Rxa1 Qh5 21. cxd5
Bf6 22. dxe6 Bxe5 23. e7 Re8 24. Qd5+ 1-0

[Event "Festival INPS"]
[Site "Roma ITA"]
[Date "1996.??.??"]
[Round "6"]
[White "Scacco, Mauro"]
[Black "Attanasi, Salvatore"]
[Result "1-0"]
[WhiteElo "2055"]
[BlackElo "1741"]
[PlyCount "65"]
[EventDate "1996.??.??"]

1. e4 e6 2. d4 d5 3. Nc3 Nf6 4. Bg5 dxe4 5. Nxe4 Be7 6. Bxf6 Bxf6 7. Nf3 Bd7 8.
Bd3 Bc6 9. Qe2 O-O 10. O-O-O Nd7 11. g4 Be7 12. g5 Nb6 13. c4 a5 14. h4 Na4 15.
Ne5 Be8 16. Rhg1 Qxd4 17. Nf6+ Kh8 18. Nxh7 Ba3 19. bxa3 Qa1+ 20. Bb1 Nc3 21.
Qb2 Qxb1+ 22. Qxb1 Nxb1 23. Nxf8 Nc3 24. Rd2 Kg8 25. Nfd7 Ne4 26. Rd4 Nc3 27.
Kd2 Na4 28. c5 b5 29. Rb1 b4 30. axb4 axb4 31. Rbxb4 Nxc5 32. Nxc5 Rxa2+ 33.
Ke3 1-0

[Event "Festival INPS"]
[Site "Roma ITA"]
[Date "1996.??.??"]
[Round "6"]
[White "Togni, Giampiero"]
[Black "Buffoni, Luca"]
[Result "0-1"]
[WhiteElo "1710"]
[BlackElo "1708"]
[PlyCount "102"]
[EventDate "1996.??.??"]

1. d4 d5 2. c4 e6 3. Nf3 Nf6 4. Bg5 Nbd7 5. Nc3 c6 6. e3 Qa5 7. Bxf6 Nxf6 8.
Qb3 Be7 9. Bd3 O-O 10. O-O dxc4 11. Qxc4 c5 12. dxc5 Qxc5 13. Qh4 Nh5 14. Qe4
Nf6 15. Qh4 Qh5 16. Qxh5 Nxh5 17. Rfd1 Nf6 18. Ne5 Rd8 19. Rac1 Nd7 20. Nc4 Nc5
21. Be2 Bd7 22. b4 Na6 23. Ne5 Be8 24. a3 Rxd1+ 25. Rxd1 Rd8 26. Rxd8 Bxd8 27.
Bb5 Nc7 28. Bxe8 Nxe8 29. Nd3 Be7 30. a4 Nd6 31. e4 Nc4 32. f4 Kf8 33. Kf2 Ke8
34. Ke2 Kd7 35. Nb5 a6 36. Nc3 Kc6 37. b5+ axb5 38. axb5+ Kb6 39. f5 Bf6 40.
fxe6 fxe6 41. Na4+ Kxb5 42. Nac5 b6 43. Nxe6 Ka4 44. Nf8 h6 45. Nd7 b5 46. Nxf6
gxf6 47. Kf3 Ne5+ 48. Ke3 Nxd3 49. Kxd3 Kb3 50. g4 b4 51. h4 Ka2 0-1

[Event "Festival INPS"]
[Site "Roma ITA"]
[Date "1996.??.??"]
[Round "6"]
[White "Tosoni, Augusto"]
[Black "Cetkovic, Sergio"]
[Result "1-0"]
[WhiteElo "2008"]
[BlackElo "1815"]
[PlyCount "155"]
[EventDate "1996.??.??"]

1. e4 g6 2. d4 Bg7 3. c4 c5 4. d5 d6 5. Nc3 Nf6 6. Be2 O-O 7. h4 b5 8. cxb5 a6
9. h5 axb5 10. hxg6 fxg6 11. Bxb5 Nxe4 12. Nxe4 Qa5+ 13. Nc3 Bxc3+ 14. bxc3
Qxb5 15. Qe2 Ba6 16. Qe6+ Rf7 17. Qe2 Qxe2+ 18. Nxe2 Bc4 19. a4 Bxd5 20. f3 Nc6
21. Rh4 Ne5 22. Bf4 Nc6 23. Bd2 e5 24. Ng3 Na5 25. Bg5 Ra6 26. Rb1 Rb7 27. Rd1
Bb3 28. Rd2 Nc4 29. Re2 d5 30. f4 e4 31. f5 Ne5 32. Nxe4 dxe4 33. Rhxe4 Nd3+
34. Kd2 Rd6 35. Re8+ Kf7 36. R2e7+ Rxe7 37. Rxe7+ Kf8 38. f6 Ne5+ 39. Kc1 Ng4
40. Rb7 Bc4 41. Rb8+ Kf7 42. Rb7+ Ke8 43. Rb8+ Kd7 44. Rb7+ Kc8 45. f7 Bxf7 46.
Rxf7 h6 47. Bf4 Ra6 48. Rc7+ Kd8 49. Rxc5 Rxa4 50. Bd6 g5 51. Bf8 Ra6 52. Rc4
h5 53. Rc5 Rg6 54. Rc4 Kd7 55. Rd4+ Kc6 56. g3 Rf6 57. Bb4 Ne5 58. c4 Nf7 59.
Kc2 Nd6 60. Kd2 Re6 61. Kd3 Nf5 62. Rd5 Rf6 63. Ra5 Kb6 64. c5+ Kc7 65. Ra7+
Kb8 66. Rh7 Nxg3 67. Kc4 h4 68. Kb5 Nf5 69. Bc3 Re6 70. c6 Ne7 71. Rh8+ Kc7 72.
Ba5+ Kd6 73. Bb4+ Ke5 74. c7 Rc6 75. Rh6 Rxh6 76. Bxe7 Rh7 77. Bd6+ Kxd6 78.
c8=Q {...} 1-0

[Event "Festival INPS"]
[Site "Roma ITA"]
[Date "1996.??.??"]
[Round "6"]
[White "Turturici, Pellegrino"]
[Black "Sciannamea, Valerio"]
[Result "0-1"]
[WhiteElo "1716"]
[BlackElo "1719"]
[PlyCount "128"]
[EventDate "1996.??.??"]

1. e4 d6 2. d4 Nf6 3. Nc3 g6 4. f4 Bg7 5. Nf3 O-O 6. Be2 c5 7. Be3 cxd4 8. Nxd4
Nc6 9. Nb3 a6 10. Bf3 Qc7 11. O-O b5 12. Nd5 Nxd5 13. exd5 Na5 14. Nxa5 Qxa5
15. c3 Bd7 16. a3 Rac8 17. Bd4 Rc4 18. Bxg7 Kxg7 19. Be2 Qb6+ 20. Kh1 Re4 21.
Bd3 Re3 22. Qd2 a5 23. Qf2 Rb8 24. Rad1 f6 25. b4 axb4 26. axb4 Be8 27. h4 Bf7
28. Bxb5 Rxc3 29. Qe2 Qxb5 30. Qxe7 Qxb4 31. f5 Qxh4+ 32. Kg1 g5 33. Qxd6 Rb2
34. Qh2 Qxh2+ 35. Kxh2 Rcc2 36. Rg1 Rd2 37. d6 Rxd1 38. Rxd1 Rb8 39. Kg3 Rd8
40. Rd2 Be8 41. Kf3 h5 42. g3 Bd7 43. g4 h4 44. Ke3 Bc6 45. Kf2 Rd7 46. Ke3 Kf7
47. Kf2 Ke8 48. Re2+ Kd8 49. Re6 Rf7 50. Re2 Kd7 51. Rd2 h3 52. Kg3 Rh7 53. Kh2
Bg2 54. Ra2 Kxd6 55. Ra6+ Bc6 56. Ra5 Bd5 57. Ra6+ Ke5 58. Rb6 Rc7 59. Kxh3
Rc3+ 60. Kh2 Rc2+ 61. Kh3 Rc1 62. Rb4 Be4 63. Rb2 Kf4 64. Rf2+ Bf3 0-1

[Event "Festival INPS"]
[Site "Roma ITA"]
[Date "1996.??.??"]
[Round "6"]
[White "Vannelli, Vittorio"]
[Black "De Vita, Igor"]
[Result "0-1"]
[WhiteElo "1633"]
[BlackElo "2150"]
[PlyCount "50"]
[EventDate "1996.??.??"]

1. d4 Nf6 2. c4 e6 3. Nf3 d5 4. Nc3 c6 5. Bg5 dxc4 6. e4 b5 7. e5 h6 8. Bh4 g5
9. Nxg5 hxg5 10. Bxg5 Nbd7 11. exf6 Bb7 12. g3 Qb6 13. Be2 O-O-O 14. O-O Bh6
15. Bxh6 Rxh6 16. a4 Nxf6 17. axb5 cxb5 18. Nxb5 Rxh2 19. Bf3 Rdh8 20. Bxb7+
Kxb7 21. Qf3+ Nd5 22. Qxf7+ Kb8 23. Nc3 Qxd4 24. Qxe6 Nf4 25. gxf4 Qg7+ 0-1

[Event "Festival INPS"]
[Site "Roma ITA"]
[Date "1996.??.??"]
[Round "6"]
[White "Verrascina, Nicola"]
[Black "Chiusano, Raimondo"]
[Result "1/2-1/2"]
[WhiteElo "2090"]
[BlackElo "2034"]
[PlyCount "84"]
[EventDate "1996.??.??"]

1. e4 c5 2. f4 Nc6 3. Nf3 e6 4. Bb5 Nge7 5. O-O a6 6. Be2 Qc7 7. d3 b6 8. c3 f5
9. e5 Bb7 10. d4 cxd4 11. cxd4 Nd5 12. Nc3 Nce7 13. Bd2 Bc6 14. Rc1 Qb7 15. Qb3
b5 16. a4 Nxc3 17. bxc3 bxa4 18. Qxb7 Bxb7 19. Ra1 Bc6 20. Rfb1 Nd5 21. c4 Nc7
22. Ba5 Rc8 23. Ng5 Be7 24. Bxc7 Rxc7 25. Rb8+ Bd8 26. Rxd8+ Kxd8 27. Nf7+ Ke7
28. Nxh8 Rc8 29. Bd1 Rxh8 30. Bxa4 Be4 31. Bb3 Rb8 32. Ra3 Rb4 33. d5 exd5 34.
cxd5 d6 35. Kf2 Bd3 36. Ke3 Bb5 37. Bc2 g6 38. g3 Bc4 39. Bd3 dxe5 40. fxe5
Bxd5 41. Rxa6 Rb2 42. Kd4 Bg2 1/2-1/2

[Event "Festival INPS"]
[Site "Roma ITA"]
[Date "1996.??.??"]
[Round "6"]
[White "Vignato, Giovanni"]
[Black "Saccone, Fabio"]
[Result "0-1"]
[WhiteElo "2080"]
[BlackElo "2175"]
[PlyCount "80"]
[EventDate "1996.??.??"]

1. c4 c5 2. g3 Nf6 3. Bg2 Nc6 4. Nc3 e6 5. e4 d5 6. exd5 exd5 7. Nge2 d4 8. Nd5
Nxd5 9. cxd5 Nb4 10. O-O Nxd5 11. Re1 Be7 12. Bxd5 Qxd5 13. Nf4 Qd6 14. Qe2 Kf8
15. Nd5 Be6 16. Nxe7 Qxe7 17. d3 Re8 18. Bf4 g5 19. Bd2 h5 20. b4 b6 21. bxc5
bxc5 22. Rac1 f6 23. Qf3 Kg7 24. Rb1 Qd6 25. Rb7+ Kg6 26. Rxa7 Bd5 27. Qd1
Rxe1+ 28. Qxe1 Bc6 29. f3 Re8 30. Qd1 h4 31. Qb3 Bd5 32. Qa4 Re2 33. Rd7 Qe6
34. Qa7 Re1+ 35. Bxe1 Qxe1+ 36. Kg2 Qe2+ 37. Kg1 Qe3+ 38. Kf1 Qxd3+ 39. Ke1
Qe3+ 40. Kd1 Bxf3+ 0-1

[Event "Festival INPS"]
[Site "Roma ITA"]
[Date "1996.??.??"]
[Round "6"]
[White "Wyss, Walter"]
[Black "Rossetti, Mauro"]
[Result "1/2-1/2"]
[WhiteElo "2215"]
[BlackElo "1909"]
[PlyCount "96"]
[EventDate "1996.??.??"]

1. e4 e6 2. Nf3 d5 3. e5 c5 4. b4 cxb4 5. a3 bxa3 6. Bxa3 Bxa3 7. Nxa3 Bd7 8.
Bb5 a6 9. Bxd7+ Nxd7 10. O-O Ne7 11. d4 b5 12. c3 O-O 13. Qd3 Ng6 14. g3 Qe7
15. h4 Rfc8 16. Rfc1 Nb6 17. Rc2 Nc4 18. Rca2 Qb7 19. h5 Nf8 20. Kg2 a5 21. Nc2
h6 22. g4 Qe7 23. Kg3 Nh7 24. Ne3 Nxe3 25. fxe3 Qc7 26. Ra3 Rab8 27. e4 b4 28.
cxb4 axb4 29. Rb3 Qc4 30. exd5 Qxd3 31. Rxd3 exd5 32. Rb1 Kf8 33. Kf4 Ke7 34.
Nh4 Rc2 35. Nf5+ Kf8 36. Ne3 Ra2 37. Nxd5 Ng5 38. Rxb4 Rba8 39. Rdb3 Rf2+ 40.
Ke3 Rf3+ 41. Ke2 Rxb3 42. Rxb3 Rd8 43. Ne3 Ne6 44. Kf2 Nxd4 45. Rb7 Nc6 46. Rb5
Rd2+ 47. Kg3 Rd3 48. Kf2 Rd2+ 1/2-1/2

[Event "Festival INPS"]
[Site "Roma ITA"]
[Date "1996.??.??"]
[Round "7"]
[White "Attanasi, Salvatore"]
[Black "Wyss, Walter"]
[Result "0-1"]
[WhiteElo "1741"]
[BlackElo "2215"]
[PlyCount "76"]
[EventDate "1996.??.??"]

1. e4 Nc6 2. d4 d5 3. exd5 Qxd5 4. Nf3 Bg4 5. c4 Qf5 6. Bd3 Bxf3 7. gxf3 Qh3 8.
Be3 e6 9. Nc3 Bb4 10. Ke2 O-O-O 11. a3 Bxc3 12. bxc3 Nge7 13. Qb1 f5 14. Bf4
Ng6 15. Be3 Nh4 16. f4 g5 17. d5 exd5 18. Qb5 Qf3+ 19. Kd2 dxc4 20. Qxc4 gxf4
21. Qxf4 Qxf4 22. Bxf4 Ng6 23. Bg5 Nge5 24. Bxd8 Rxd8 25. Kc2 Rxd3 26. Rad1 Rf3
27. Rhg1 Rxf2+ 28. Kb3 b5 29. a4 a6 30. axb5 axb5 31. Rd5 Nf3 32. Rg8+ Kb7 33.
Rxb5+ Ka6 34. Rd5 Nd2+ 35. Kc2 Ne4+ 36. Kb3 Rf3 37. Rg7 Nxc3 38. Rxf5 Nd4+ 0-1

[Event "Festival INPS"]
[Site "Roma ITA"]
[Date "1996.??.??"]
[Round "7"]
[White "Buffoni, Luca"]
[Black "Marino, Giovanni"]
[Result "0-1"]
[WhiteElo "1708"]
[BlackElo "1869"]
[PlyCount "50"]
[EventDate "1996.??.??"]

1. e4 c5 2. Nf3 d6 3. d4 cxd4 4. Nxd4 Nf6 5. Nc3 a6 6. Be3 e6 7. Bc4 Qc7 8. Bb3
b5 9. a3 Be7 10. O-O O-O 11. g4 Bb7 12. f3 Re8 13. g5 Nfd7 14. Nxe6 fxe6 15.
Bxe6+ Kh8 16. f4 Bf8 17. Nd5 Qc4 18. Bf5 g6 19. b3 Qc6 20. Bd4+ Kg8 21. Nf6+
Nxf6 22. gxf6 Rxe4 23. Bxe4 Qxe4 24. f7+ Kxf7 25. Kf2 Be7 0-1

[Event "Festival INPS"]
[Site "Roma ITA"]
[Date "1996.??.??"]
[Round "7"]
[White "Cattarinich, Benedetto"]
[Black "Colombrini, Adolfo"]
[Result "1/2-1/2"]
[WhiteElo "1759"]
[BlackElo "1704"]
[PlyCount "118"]
[EventDate "1996.??.??"]

1. d4 Nf6 2. c4 g6 3. Nc3 d5 4. Bf4 c6 5. e3 Bg7 6. Nf3 O-O 7. Be2 dxc4 8. Bxc4
Bg4 9. h3 Bxf3 10. Qxf3 Nbd7 11. O-O Nb6 12. Bb3 Nbd5 13. Be5 Qd7 14. Nxd5 Nxd5
15. Bxg7 Kxg7 16. Rac1 Rac8 17. Rfd1 e6 18. e4 Nf6 19. g4 Qe7 20. Qe3 b6 21.
Ba4 c5 22. g5 Nh5 23. dxc5 Rxc5 24. Rxc5 Qxc5 25. Qxc5 bxc5 26. Rd7 Nf4 27. Kh2
Rb8 28. b3 Ne2 29. Rxa7 Nc3 30. Bc6 Rc8 31. Bd7 Rd8 32. Bxe6 Nxa2 33. Rxf7+ Kh8
34. Rc7 Nc3 35. Rxc5 Nxe4 36. Rc8 Rxc8 37. Bxc8 Kg7 38. b4 Kf8 39. b5 Ke7 40.
b6 Kd6 41. b7 Kc7 42. f4 Nd6 43. Kg3 Nxc8 44. bxc8=Q+ Kxc8 45. Kf3 Kd7 46. Ke3
Kd6 47. Kd4 Ke6 48. Ke4 Kd6 49. f5 gxf5+ 50. Kxf5 Ke7 51. Kg4 Kf7 52. Kh5 Kg7
53. h4 Kg8 54. Kg4 Kg7 55. Kf5 Kf7 56. h5 Kg7 57. Ke6 Kg8 58. Kf6 Kf8 59. g6 h6
1/2-1/2

[Event "Festival INPS"]
[Site "Roma ITA"]
[Date "1996.??.??"]
[Round "7"]
[White "Chiaretti, Roberto"]
[Black "Verrascina, Nicola"]
[Result "1-0"]
[WhiteElo "2109"]
[BlackElo "2090"]
[PlyCount "51"]
[EventDate "1996.??.??"]

1. e4 Nc6 2. Nf3 Nf6 3. e5 Nd5 4. d4 d6 5. c4 Nb6 6. exd6 exd6 7. Be2 Be7 8.
O-O O-O 9. h3 Bf5 10. Nc3 Bf6 11. Be3 Re8 12. Rc1 h6 13. b3 Qd7 14. c5 dxc5 15.
dxc5 Qxd1 16. Rfxd1 Nd7 17. Nd5 Bd8 18. Bb5 Nf6 19. Bf4 Nxd5 20. Rxd5 Be4 21.
Rd7 Nb8 22. Rxf7 Bxf3 23. Bxe8 Bh5 24. Rxg7+ Kxg7 25. Bxh5 Nc6 26. Rd1 1-0

[Event "Festival INPS"]
[Site "Roma ITA"]
[Date "1996.??.??"]
[Round "7"]
[White "Chiusano, Raimondo"]
[Black "Ciampi, Vincenzo"]
[Result "0-1"]
[WhiteElo "2034"]
[BlackElo "2155"]
[PlyCount "70"]
[EventDate "1996.??.??"]

1. e4 c5 2. Ne2 d6 3. Nbc3 Nc6 4. d4 cxd4 5. Nxd4 e6 6. Be3 Be7 7. f4 Nf6 8.
Qf3 e5 9. Nxc6 bxc6 10. f5 Qa5 11. Bc4 Qb4 12. Bb3 g6 13. fxg6 fxg6 14. O-O Ba6
15. Rf2 O-O-O 16. Qh3+ Kb8 17. Qe6 d5 18. Qxe5+ Ka8 19. Rxf6 Bxf6 20. Qxf6 d4
21. Nd5 cxd5 22. Bxd4 dxe4 23. Bd5+ Bb7 24. a3 Qb5 25. c4 Qd7 26. Bxb7+ Kxb7
27. Qxh8 Rxh8 28. Bxh8 e3 29. Re1 Qd2 30. Bc3 Qf2+ 31. Kh1 e2 32. h3 g5 33. Kh2
h5 34. Rc1 g4 35. Be1 g3+ 0-1